| 000 | 00727nam a2200229 i 4500 | ||
|---|---|---|---|
| 001 | 115321 | ||
| 003 | ES-MaACL | ||
| 005 | 20250930063116.0 | ||
| 007 | t| | ||
| 008 | 070305q1904 sp ||||1| spa d | ||
| 080 | _a821.134.2(82)-32"19" | ||
| 100 | 1 |
_aUgarte, Manuel, _d1874-1951 _9111892 |
|
| 245 | 1 | 0 |
_aCuentos de La Pampa / _cManuel Ugarte ; ilustraciones de Valera. |
| 260 |
_aMadrid : _bB. RodrÃguez Serra, _c[ca. 1904] |
||
| 300 |
_a85 p. : _bil. ; _c13 cm. |
||
| 490 | 1 |
_aBiblioteca Mignon ; _v31 |
|
| 599 | _aRetr. del autor. | ||
| 700 | 1 |
_aCoullaut Valera, Lorenzo ( _d1876-1932) _9172578 |
|
| 830 | 1 |
_aBiblioteca Mignon ; _v31 _9186216 |
|
| 852 |
_aES-MaACL _jF-1205(1) |
||
| 999 |
_c115321 _d115321 |
||